000
00318nam a2200109Ia 4500
008
200302s9999 xx 000 0 und d
100
_a
Randall G. Arendt
245
_a
Conservation Design for Subdivisions A Practical Guide to Creating Open Space Networks
260
_b
Island Press
260
_c
1996
300
_a
184 P.,
999
_c
5808
_d
5808